[Event "Championnat de France des Jeunes - Junio"]
[Site "Aix les Bains"]
[Date "2009.04.25"]
[Round "8.1"]
[White "Houriez, Clement"]
[Black "Lagarde, Maxime"]
[Result "1-0"]
[WhiteElo "2284"]
[BlackElo "2346"]
[PlyCount "85"]
[EventDate "2009.??.??"]

1. e4 c5 2. Nf3 Nc6 3. d4 cxd4 4. Nxd4 Nf6 5. Nc3 d6 6. Be2 e5 7. Nf3 h6 8. O-O
Be7 9. Re1 O-O 10. h3 a6 11. Bf1 Qc7 12. Be3 Na5 13. Nd5 Nxd5 14. exd5 b5 15.
b3 f5 16. c4 bxc4 17. b4 Nb7 18. Rc1 Bf6 19. Rxc4 Qf7 20. Bb6 g5 21. Rc7 Qg6
22. Qc2 h5 23. Qc6 g4 24. hxg4 hxg4 25. Nd2 Rb8 26. Ba7 Ra8 27. Rxb7 Bxb7 28.
Qxb7 Rae8 29. Qxa6 Rf7 30. Be3 Rh7 31. Bb5 Ree7 32. Kf1 f4 33. Bb6 e4 34. Ke2
e3 35. fxe3 fxe3 36. Qc8+ Kg7 37. Kd1 exd2 38. Rxe7+ Bxe7 39. Bd4+ Kh6 40. Qe6
Qxe6 41. dxe6 Kg5 42. Be3+ Kf5 43. Bd3+ 1-0

[Event "Championnat de France des Jeunes - Junio"]
[Site "Aix les Bains"]
[Date "2009.04.25"]
[Round "8.2"]
[White "Frederic, Clement"]
[Black "Poignot, Quentin"]
[Result "1/2-1/2"]
[WhiteElo "2208"]
[BlackElo "2148"]
[PlyCount "102"]
[EventDate "2009.??.??"]

1. b3 g6 2. Bb2 Nf6 3. f4 d5 4. Nf3 Bg7 5. e3 O-O 6. d4 c5 7. Bd3 Nc6 8. O-O
Qb6 9. c3 Ne4 10. Nbd2 Bf5 11. Bxe4 dxe4 12. Ng5 cxd4 13. cxd4 Nb4 14. Ngxe4
Qe6 15. Qf3 Rac8 16. Rac1 Rxc1 17. Rxc1 Nd3 18. Nc5 Nxc5 19. Rxc5 Qa6 20. a3
Qd3 21. Qf2 Rd8 22. Rc3 Qb5 23. Qf1 Qd7 24. Rc5 b6 25. Rc1 Qe6 26. Qf3 Rc8 27.
Rxc8+ Qxc8 28. Qd1 Bc2 29. Qe2 Bf5 30. Qc4 Qb7 31. Kf2 h5 32. Bc3 Bf6 33. Qe2
Bg4 34. Qd3 Qc7 35. Qc4 Qb8 36. d5 Bxc3 37. Qxc3 Qd6 38. Qc6 Qxa3 39. e4 Qb2
40. Ke3 Qa1 41. Kd3 Qg1 42. Qe8+ Kg7 43. Qxe7 Qxg2 44. Qe5+ Kg8 45. Qe8+ Kg7
46. Qe5+ Kg8 47. d6 Qxh2 48. Qe8+ Kg7 49. Qe5+ Kg8 50. Qe8+ Kg7 51. Qe5+ Kg8
1/2-1/2

[Event "Championnat de France des Jeunes - Junio"]
[Site "Aix les Bains"]
[Date "2009.04.25"]
[Round "8.3"]
[White "Favarel, Antoine"]
[Black "Valles, Manuel"]
[Result "0-1"]
[WhiteElo "2204"]
[BlackElo "2125"]
[PlyCount "88"]
[EventDate "2009.??.??"]

1. e4 c5 2. Nf3 g6 3. c3 Bg7 4. d4 cxd4 5. cxd4 d5 6. e5 Nc6 7. Bb5 Nh6 8. O-O
O-O 9. b3 Bg4 10. Bxc6 bxc6 11. Nbd2 c5 12. h3 Bxf3 13. Nxf3 cxd4 14. Nxd4 Nf5
15. Nxf5 gxf5 16. Bf4 Qd7 17. Re1 Qe6 18. Qd3 Rac8 19. Rad1 Rfd8 20. Re2 d4 21.
Qg3 Rd5 22. Rd3 Kh8 23. Kh2 h6 24. Red2 Rcd8 25. Re2 Kh7 26. f3 f6 27. exf6
Qxf6 28. Qe1 e5 29. Bg3 Re8 30. Bh4 Qg6 31. g4 fxg4 32. Re4 gxf3 33. Rxf3 d3
34. Rg4 d2 35. Qd1 Qe6 36. Rfg3 Bh8 37. Rg2 e4 38. Bf2 e3 39. Qc2+ Qf5 40. Qc6
exf2 41. Qxe8 Be5+ 42. R2g3 Bxg3+ 43. Kxg3 Rd3+ 44. Kh2 Rxh3+ 0-1

[Event "Championnat de France des Jeunes - Junio"]
[Site "Aix les Bains"]
[Date "2009.04.25"]
[Round "8.4"]
[White "Bressac, Stephane"]
[Black "Attarian, Florent"]
[Result "1-0"]
[WhiteElo "2142"]
[BlackElo "1894"]
[PlyCount "47"]
[EventDate "2009.??.??"]

1. d4 d5 2. Nf3 Nf6 3. c4 c6 4. Nc3 Bf5 5. cxd5 Nxd5 6. Qb3 Qb6 7. Qxb6 Nxb6 8.
e4 Bg6 9. h4 h6 10. Ne5 Bh7 11. Be3 N8d7 12. Nc4 Nxc4 13. Bxc4 Nb6 14. Bb3 e6
15. a3 Bg8 16. O-O-O O-O-O 17. g4 f6 18. f4 g6 19. e5 f5 20. h5 gxh5 21. gxf5
exf5 22. Bc2 Nd5 23. Nxd5 Bxd5 24. Bxf5+ 1-0

[Event "Championnat de France des Jeunes - Junio"]
[Site "Aix les Bains"]
[Date "2009.??.??"]
[Round "8.5"]
[White "Wojtkowski, Frederic"]
[Black "Le Bail, Clara"]
[Result "1/2-1/2"]
[WhiteElo "1923"]
[BlackElo "2048"]
[PlyCount "85"]
[EventDate "2009.??.??"]

1. d4 d5 2. e3 Nf6 3. Bd3 c5 4. c3 e6 5. f4 Nc6 6. Nf3 c4 7. Bc2 b5 8. Ne5 Qc7
9. Nd2 Be7 10. O-O Bb7 11. g4 Nxe5 12. fxe5 Ne4 13. Qf3 Ng5 14. Qg2 f6 15. h4
Nf7 16. exf6 gxf6 17. e4 Nd6 18. exd5 Bxd5 19. Qg3 O-O-O 20. Nf3 Rdg8 21. Bh6
Rg6 22. Bxg6 hxg6 23. Bf4 Qc6 24. Nd2 g5 25. hxg5 fxg5 26. Be5 Rh4 27. Rae1 Qd7
28. Re2 Rh1+ 29. Kf2 Qc6 30. Rxh1 Bxh1 31. Ke1 Ne4 32. Nxe4 Bxe4 33. Kd2 b4 34.
Qh2 bxc3+ 35. bxc3 Bd3 36. Qh8+ Kd7 37. Rf2 Qa4 38. Qb8 Qc2+ 39. Ke3 Qc1+ 40.
Kf3 Qd1+ 41. Kg3 Qg1+ 42. Rg2 Qe1+ 43. Kh2 1/2-1/2

[Event "Championnat de France des Jeunes - Junio"]
[Site "Aix les Bains"]
[Date "2009.04.25"]
[Round "8.6"]
[White "Pouchon, Mickael"]
[Black "Guilleux, Fabien"]
[Result "0-1"]
[WhiteElo "1902"]
[BlackElo "2313"]
[PlyCount "78"]
[EventDate "2009.??.??"]

1. e4 c5 2. Nf3 d6 3. Bb5+ Bd7 4. Bxd7+ Qxd7 5. O-O Nf6 6. Re1 Nc6 7. b3 g6 8.
Bb2 Bg7 9. d4 cxd4 10. Nxd4 Nxd4 11. Bxd4 b5 12. Qe2 O-O 13. Na3 a6 14. c4 Rab8
15. Rad1 Qg4 16. f3 Qh5 17. g4 Nxg4 18. fxg4 Bxd4+ 19. Rxd4 Qc5 20. Qf2 Qxa3
21. Kh1 Qc5 22. Qd2 Qe5 23. Rc1 Rfc8 24. Rc3 Rc5 25. b4 Rxc4 26. Rdxc4 bxc4 27.
Rxc4 a5 28. Kg2 Qe6 29. Qe2 Rxb4 30. Rxb4 axb4 31. Kf3 d5 32. exd5 Qxd5+ 33.
Kg3 Qd6+ 34. Kf3 Kg7 35. Kg2 e5 36. Qe3 Qd5+ 37. Kg3 Qd4 38. Qxd4 exd4 39. Kf4
f5 0-1

[Event "Championnat de France des Jeunes - Junio"]
[Site "Aix les Bains"]
[Date "2009.04.25"]
[Round "8.7"]
[White "Figier, Anthony"]
[Black "Brethes, Francois"]
[Result "0-1"]
[WhiteElo "1630"]
[BlackElo "2272"]
[PlyCount "82"]
[EventDate "2009.??.??"]

1. e4 e6 2. d4 d5 3. Nd2 Nf6 4. e5 Nfd7 5. f4 c5 6. c3 Nc6 7. Ndf3 Qb6 8. a3
cxd4 9. cxd4 Be7 10. b4 O-O 11. h4 f6 12. Rh3 fxe5 13. fxe5 Ndxe5 14. dxe5 Nxe5
15. Qd4 Rxf3 16. Qxb6 Rxf1+ 17. Kxf1 axb6 18. Ne2 Bd7 19. Bb2 Nc4 20. Bc3 e5
21. Rd3 Bxh4 22. Kg1 Be6 23. g3 Bg5 24. Re1 Rxa3 25. Ra1 e4 26. Rdd1 Be3+ 27.
Kh2 Bg4 28. Rxa3 Nxa3 29. Rxd5 Bxe2 30. Rd8+ Kf7 31. Rd7+ Ke6 32. Rxg7 h5 33.
Rxb7 Bf3 34. Rg7 Kd5 35. Rd7+ Kc4 36. Be5 Nc2 37. Rc7+ Kd3 38. Rc3+ Kd2 39. Rb3
Bd4 40. Bxd4 Nxd4 41. Rb2+ Nc2 0-1

[Event "Championnat de France des Jeunes - Junio"]
[Site "Aix les Bains"]
[Date "2009.04.25"]
[Round "8.8"]
[White "Congiu, Mathilde"]
[Black "Brih, Touatia"]
[Result "1/2-1/2"]
[WhiteElo "2212"]
[BlackElo "1960"]
[PlyCount "143"]
[EventDate "2009.??.??"]

1. e4 g6 2. d4 Bg7 3. Nf3 d6 4. h3 a6 5. Bd3 Nc6 6. c3 Nf6 7. Bg5 h6 8. Be3 O-O
9. O-O b5 10. Nh2 e5 11. d5 Ne7 12. a4 Bd7 13. Nd2 c6 14. dxc6 Bxc6 15. Qe2 d5
16. axb5 Bxb5 17. Bxb5 axb5 18. Rxa8 Qxa8 19. Bc5 Re8 20. Qxb5 dxe4 21. Ng4
Ned5 22. Nxf6+ Nxf6 23. Bd6 Nh5 24. Nc4 Nf4 25. Nb6 Qd8 26. Nd5 Re6 27. Nxf4
Rxd6 28. Ne2 Rb6 29. Qa5 Qd6 30. b4 Ra6 31. Qb5 Ra2 32. Ng3 e3 33. Qe8+ Kh7 34.
Qxf7 Rxf2 35. Rxf2 exf2+ 36. Qxf2 Qd3 37. Qf3 e4 38. Nxe4 Qb1+ 39. Kf2 Qc2+ 40.
Qe2 Qc1 41. Qe3 Qc2+ 42. Kf3 Qd1+ 43. Qe2 Qd5 44. g4 Bxc3 45. b5 Bd4 46. h4
Qb3+ 47. Kg2 Qb1 48. Ng3 Qg1+ 49. Kf3 Bc5 50. h5 Qd4 51. hxg6+ Kxg6 52. Qe6+
Kh7 53. Qf7+ Kh8 54. Qe8+ Kh7 55. Qe4+ Qxe4+ 56. Nxe4 Bb6 57. Nf6+ Kg6 58. Nd7
Bc7 59. Nc5 Bb6 60. Ne4 h5 61. g5 Kf5 62. Kg3 Kg6 63. Kh4 Ba5 64. Kg3 Bb6 65.
Kf4 Bc7+ 66. Kf3 Bb6 67. Kg3 Bc7+ 68. Kh4 Bb6 69. Ng3 Bf2 70. Kh3 Be3 71. Ne4
Bb6 72. Kh4 1/2-1/2

[Event "Championnat de France des Jeunes - Junio"]
[Site "Aix les Bains"]
[Date "2009.04.25"]
[Round "8.9"]
[White "Gras, Delphine"]
[Black "Le Berre, Tennessee"]
[Result "0-1"]
[WhiteElo "1982"]
[BlackElo "1834"]
[PlyCount "58"]
[EventDate "2009.??.??"]

1. e4 c5 2. Nf3 d6 3. d4 cxd4 4. Nxd4 Nf6 5. Nc3 g6 6. Be2 Bg7 7. O-O Nc6 8.
Nb3 O-O 9. Re1 Be6 10. Bf1 d5 11. Nc5 dxe4 12. Nxe6 fxe6 13. Bc4 Qb6 14. Na4
Qa5 15. Bxe6+ Kh8 16. c4 Rad8 17. Bd5 Nxd5 18. Bd2 Ne3 19. Bxa5 Rxd1 20. Raxd1
Nxd1 21. Rxd1 Nxa5 22. Nc5 Nxc4 23. Nxb7 Bxb2 24. Nc5 Nd6 25. Rb1 Bf6 26. Ne6
Rc8 27. g3 Kg8 28. h4 Kf7 29. Nf4 Rc4 0-1

[Event "Championnat de France des Jeunes - Junio"]
[Site "Aix les Bains"]
[Date "2009.04.25"]
[Round "8.10"]
[White "Lepigoche, Cyril"]
[Black "Scalia, Jerome"]
[Result "1-0"]
[WhiteElo "1973"]
[BlackElo "1833"]
[PlyCount "129"]
[EventDate "2009.??.??"]

1. c4 Nf6 2. g3 e6 3. Bg2 d5 4. Nf3 Be7 5. O-O O-O 6. b3 b6 7. Bb2 Bb7 8. e3
Nbd7 9. Nc3 c5 10. d4 Rc8 11. cxd5 Nxd5 12. Nxd5 Bxd5 13. Qe2 Nf6 14. Rac1 Qd7
15. dxc5 Rxc5 16. Rxc5 Bxc5 17. Bxf6 gxf6 18. Qb2 Be7 19. Qd4 Qb7 20. Qg4+ Kh8
21. Rd1 Rc8 22. h4 Bf8 23. Rd2 Bg7 24. Kh2 f5 25. Qh5 Bxf3 26. Bxf3 Qe7 27. Be2
Bf6 28. Bb5 Rc7 29. a4 a5 30. Rd3 Kg8 31. Kg2 Qf8 32. Qd1 Qc5 33. Bc4 Qc6+ 34.
Kh2 Qc5 35. Rd6 Be7 36. Rd4 Bf6 37. Rd6 Be7 38. Rd3 Bf6 39. h5 h6 40. Qf3 Kg7
41. Qg2 Qe5 42. Qf3 Qc5 43. Rd1 Qc6 44. Qe2 Qb7 45. Rg1 Rc5 46. f4 Kh8 47. Rd1
Rc8 48. Ba6 Rc2 49. Qxc2 Qxa6 50. Qd3 Qc8 51. Kg1 Qg8 52. Kf2 Qc8 53. Qc4 Qb7
54. Qb5 Qe4 55. Qd3 Qc6 56. Rg1 Be7 57. Qc4 Qxc4 58. bxc4 Kg7 59. Kf3 Bc5 60.
Rd1 Kf6 61. Rd8 Be7 62. Rb8 Bc5 63. e4 fxe4+ 64. Kxe4 Bf2 65. Rg8 1-0

[Event "Championnat de France des Jeunes - Junio"]
[Site "Aix les Bains"]
[Date "2009.04.25"]
[Round "8.11"]
[White "Scherrer, Gilles"]
[Black "Roubert, Emile"]
[Result "0-1"]
[WhiteElo "1768"]
[BlackElo "1918"]
[PlyCount "82"]
[EventDate "2009.??.??"]

1. e4 e5 2. Nf3 Nc6 3. Bc4 Bc5 4. O-O Nf6 5. d3 d6 6. c3 h6 7. h3 O-O 8. Be3
Bb6 9. Nbd2 Re8 10. Qc2 d5 11. exd5 Nxd5 12. d4 exd4 13. Bxd4 Nxd4 14. cxd4 Be6
15. a3 Nf4 16. Nb3 Bxc4 17. Qxc4 Qd5 18. Qxd5 Nxd5 19. Rfe1 Nf4 20. Rxe8+ Rxe8
21. Kf1 Nd3 22. Rb1 Nf4 23. Re1 Rxe1+ 24. Nxe1 Ne6 25. Nc2 c6 26. g3 Kf8 27.
Ke2 Ke7 28. Ke3 Kd6 29. Nb4 a5 30. Nc2 Kd5 31. Kd3 a4 32. Ne3+ Kd6 33. Nc4+ Kc7
34. Nxb6 Kxb6 35. Nd2 Kc7 36. Ne4 g5 37. f4 f5 38. Nd2 Kd6 39. Nf1 h5 40. Ne3
g4 41. Kc2 h4 0-1

[Event "Championnat de France des Jeunes - Junio"]
[Site "Aix les Bains"]
[Date "2009.04.25"]
[Round "8.12"]
[White "Grimmer, Jonathan"]
[Black "Perrusset, Barbara"]
[Result "1-0"]
[WhiteElo "1875"]
[BlackElo "1817"]
[PlyCount "87"]
[EventDate "2009.??.??"]

1. d4 Nf6 2. Nf3 d5 3. e3 c5 4. c3 Nc6 5. Nbd2 Bf5 6. Qa4 a6 7. dxc5 e6 8. Ne5
Rc8 9. b4 Qc7 10. Nxc6 Qxc6 11. Qxc6+ Rxc6 12. Nf3 Be7 13. Nd4 Rc8 14. Nxf5
exf5 15. f3 O-O 16. Bd2 Nd7 17. Bd3 g6 18. Rd1 Ne5 19. Bc2 Nc4 20. Bc1 Bf6 21.
Rd3 b6 22. cxb6 Ne5 23. Rxd5 Rxc3 24. Rd2 Nc4 25. Re2 Nxb6 26. Bb2 Rc6 27. Bxf6
Rxf6 28. Bb3 Rc6 29. Kf2 Rd8 30. e4 fxe4 31. Rxe4 Rd2+ 32. Kg3 Nd5 33. Re8+ Kg7
34. Rd8 Rb6 35. Rxd5 Rxd5 36. Bxd5 Rxb4 37. Rc1 Rd4 38. Bb3 Rd7 39. Rc6 a5 40.
Ra6 Rd2 41. Rxa5 f5 42. Rd5 Re2 43. f4 h5 44. Kf3 1-0

[Event "Championnat de France des Jeunes - Junio"]
[Site "Aix les Bains"]
[Date "2009.04.25"]
[Round "8.13"]
[White "Dolz, Elisabeth"]
[Black "Flaquet, Sebastien"]
[Result "0-1"]
[WhiteElo "1718"]
[BlackElo "1707"]
[PlyCount "48"]
[EventDate "2009.??.??"]

1. e4 d6 2. d4 Nf6 3. Nc3 c6 4. Bf4 Qa5 5. Qd2 e5 6. Bg5 Nbd7 7. f4 Be7 8. dxe5
dxe5 9. f5 b5 10. Bd3 b4 11. Nce2 O-O 12. a3 Rd8 13. Bxf6 Nxf6 14. Nf3 Nxe4 15.
Qe3 bxa3+ 16. c3 Nc5 17. Bc2 Qb6 18. O-O axb2 19. Rab1 Bf6 20. Rfd1 Ba6 21.
Rxd8+ Rxd8 22. Ng3 Bc4 23. Nd2 Ba2 24. Rf1 Rxd2 0-1

[Event "Championnat de France des Jeunes - Junio"]
[Site "Aix les Bains"]
[Date "2009.04.25"]
[Round "8.14"]
[White "Duveau, Erwan"]
[Black "Esposito, Julie"]
[Result "1-0"]
[WhiteElo "1784"]
[BlackElo "1840"]
[PlyCount "53"]
[EventDate "2009.??.??"]

1. e4 c5 2. b4 e6 3. bxc5 Bxc5 4. d4 Bb6 5. Nf3 Ne7 6. Bd3 Nbc6 7. c3 d5 8. e5
Na5 9. O-O h6 10. Na3 a6 11. Nc2 Bd7 12. Ne3 Rc8 13. Bb2 Nc4 14. Nxc4 dxc4 15.
Be4 Bc6 16. Nd2 Bxe4 17. Nxe4 Nf5 18. Ba3 h5 19. Nd6+ Nxd6 20. Bxd6 Bc7 21. Ba3
Rh6 22. Qa4+ Qd7 23. Qb4 Kd8 24. d5 exd5 25. Rfd1 Bxe5 26. Rxd5 Qxd5 27. Qe7#
1-0

[Event "Championnat de France des Jeunes - Junio"]
[Site "Aix les Bains"]
[Date "2009.04.25"]
[Round "8.15"]
[White "Dupont, Ludovic"]
[Black "Flores, Francisco"]
[Result "0-1"]
[WhiteElo "1350"]
[BlackElo "1810"]
[PlyCount "60"]
[EventDate "2009.??.??"]

1. e4 c5 2. c3 Nc6 3. d4 cxd4 4. cxd4 d5 5. e5 Bf5 6. Nc3 e6 7. Nf3 Bb4 8. Bd2
Nge7 9. Be2 O-O 10. O-O Rc8 11. Rc1 a6 12. a3 Ba5 13. b4 Bb6 14. Na4 Bxd4 15.
Nxd4 Nxd4 16. Rxc8 Qxc8 17. Be3 Nxe2+ 18. Qxe2 Nc6 19. Rc1 Qd8 20. Bb6 Qg5 21.
Be3 Qg6 22. b5 axb5 23. Qxb5 Bh3 24. Qf1 Nxe5 25. f3 Bf5 26. Nb6 Bd3 27. Qd1
Nc4 28. Nxc4 Bxc4 29. Rb1 b5 30. Rb2 Qd3 0-1

[Event "Championnat de France des Jeunes - Junio"]
[Site "Aix les Bains"]
[Date "2009.04.25"]
[Round "8.16"]
[White "Doziere, Nicolas"]
[Black "Saint-Gilles, Damien"]
[Result "0-1"]
[WhiteElo "1290"]
[BlackElo "1669"]
[PlyCount "124"]
[EventDate "2009.??.??"]

1. e4 d5 2. exd5 Qxd5 3. c4 Qd6 4. Nc3 c6 5. d4 Nf6 6. f3 g6 7. c5 Qd8 8. g4
Bg7 9. Nh3 O-O 10. g5 Nd5 11. Nxd5 Qxd5 12. Be3 e5 13. dxe5 Qxe5 14. Qd2 Re8
15. Kf2 Bxh3 16. Bxh3 Na6 17. Bf4 Qxc5+ 18. Kg3 Rad8 19. Qf2 Qxf2+ 20. Kxf2
Bxb2 21. Rab1 Bd4+ 22. Kg3 b6 23. Rb3 Nc5 24. Ra3 a5 25. Bc7 Be5+ 26. Bxe5 Rxe5
27. f4 Re7 28. Rb1 Rb8 29. Bg2 Ne4+ 30. Bxe4 Rxe4 31. Kf3 Rb4 32. Rxb4 axb4 33.
Rb3 c5 34. Ke3 Ra8 35. Rb2 Kf8 36. Kd3 b5 37. h4 Ke7 38. Kc2 Ra3 39. Kb1 Rf3
40. Re2+ Kd6 41. Rd2+ Kc6 42. Kb2 Rxf4 43. Rh2 Kd5 44. h5 c4 45. hxg6 hxg6 46.
Kc2 Rf5 47. Rg2 Ke4 48. Kb2 Ke3 49. a3 Rf2+ 50. Rxf2 Kxf2 51. axb4 Ke3 52. Kc3
Ke4 53. Kb2 Kd3 54. Kc1 Kc3 55. Kb1 Kd2 56. Kb2 c3+ 57. Kb1 c2+ 58. Ka1 c1=Q+
59. Ka2 Qc3 60. Kb1 Qxb4+ 61. Ka2 Kc2 62. Ka1 Qb2# 0-1

[Event "Championnat de France des Jeunes - Junio"]
[Site "Aix les Bains"]
[Date "2009.04.25"]
[Round "8.17"]
[White "Gillet, Noel"]
[Black "Dabilougou, Quentin"]
[Result "1-0"]
[WhiteElo "1690"]
[BlackElo "1010"]
[PlyCount "57"]
[EventDate "2009.??.??"]

1. d4 d5 2. c4 Be6 3. Nc3 Nf6 4. Nf3 c6 5. e3 dxc4 6. a4 a6 7. Ne5 Nbd7 8. Nxc4
Bg4 9. f3 Bf5 10. e4 Be6 11. Bg5 b5 12. axb5 axb5 13. Ne5 Nb6 14. Nxc6 Qc8 15.
Bxb5 Nfd7 16. d5 Bxd5 17. exd5 f6 18. Be3 Ne5 19. Na7+ Qd7 20. Bxd7+ Kxd7 21.
Bxb6 e6 22. O-O Rb8 23. dxe6+ Kxe6 24. Qd5+ Kf5 25. Qe4+ Ke6 26. Ra6 Ke7 27. f4
Rxb6 28. Rxb6 Kf7 29. fxe5 1-0

[Event "Championnat de France des Jeunes - Cadet"]
[Site "Aix les Bains"]
[Date "2009.04.25"]
[Round "8.1"]
[White "Demuth, Adrien"]
[Black "Massoni, Michael"]
[Result "1/2-1/2"]
[WhiteElo "2330"]
[BlackElo "2272"]
[PlyCount "65"]
[EventDate "2009.??.??"]

1. d4 Nf6 2. c4 g6 3. Nc3 d5 4. cxd5 Nxd5 5. Bd2 Nb6 6. Bg5 Bg7 7. e3 O-O 8.
Nf3 c6 9. Be2 N8d7 10. O-O Qe8 11. a4 Nf6 12. Qc2 Nbd5 13. a5 h6 14. Bh4 Be6
15. Na4 b6 16. axb6 axb6 17. Bxf6 Bxf6 18. e4 Nf4 19. e5 Bg7 20. Nxb6 Rb8 21.
Na4 Rb4 22. Qd2 Nxe2+ 23. Qxe2 Qb8 24. Qd2 Rd8 25. Qc3 Bd5 26. Nd2 Qb5 27. Nc5
Rxb2 28. Nd3 Ra2 29. Rxa2 Bxa2 30. Nb4 Bd5 31. Rc1 h5 32. Nxd5 Qxd5 33. Nf3
1/2-1/2

[Event "Championnat de France des Jeunes - Cadet"]
[Site "Aix les Bains"]
[Date "2009.04.25"]
[Round "8.2"]
[White "Li, Frederic"]
[Black "Blum, Nicolas"]
[Result "1-0"]
[WhiteElo "2240"]
[BlackElo "2234"]
[PlyCount "95"]
[EventDate "2009.??.??"]

1. Nf3 Nf6 2. c4 e6 3. Nc3 Bb4 4. g4 h6 5. Qc2 b6 6. a3 Bxc3 7. Qxc3 Bb7 8. b4
d6 9. Rg1 Nbd7 10. h4 e5 11. g5 hxg5 12. hxg5 Nh5 13. d4 Qe7 14. d5 g6 15. Bh3
Ng7 16. Nd2 O-O-O 17. Ne4 Kb8 18. Nf6 Bc8 19. Bxd7 Bxd7 20. e4 Nh5 21. Be3 Nxf6
22. gxf6 Qe8 23. a4 c6 24. c5 cxd5 25. exd5 dxc5 26. bxc5 Bc8 27. cxb6 Bb7 28.
bxa7+ Ka8 29. a5 Bxd5 30. Rb1 Qa4 31. Qc7 Bb3 32. Qc3 Bc4 33. Rc1 Rh4 34. Ra1
Qc6 35. Rb1 Qd5 36. Qb4 Rhh8 37. Qc5 Qxc5 38. Bxc5 Rd5 39. Bb6 Rd6 40. Bc7 Rdd8
41. Bxd8 Rxd8 42. Rb8+ Rxb8 43. axb8=Q+ Kxb8 44. Kd2 Kb7 45. Re1 Ka6 46. Rxe5
Bb5 47. Kc3 Kxa5 48. Re7 1-0

[Event "Championnat de France des Jeunes - Cadet"]
[Site "Aix les Bains"]
[Date "2009.04.25"]
[Round "8.3"]
[White "Ludwig, Remi"]
[Black "Villegas, Pierre"]
[Result "1-0"]
[WhiteElo "2202"]
[BlackElo "2195"]
[PlyCount "75"]
[EventDate "2009.??.??"]

1. d4 Nf6 2. c4 g6 3. Nc3 Bg7 4. e4 d6 5. Nf3 O-O 6. Be2 e5 7. O-O Nc6 8. d5
Ne7 9. Ne1 Nd7 10. f3 f5 11. g4 Kh8 12. Kg2 Ng8 13. g5 h6 14. h4 Rf7 15. Nd3 f4
16. Rh1 c5 17. dxc6 bxc6 18. c5 Bf8 19. Qg1 dxc5 20. b3 c4 21. bxc4 Ba6 22. Bb2
Rb8 23. Nd1 Bg7 24. Rc1 Qc7 25. h5 gxh5 26. Rxh5 Re8 27. Kf1 Re6 28. N1f2 Nb6
29. Nc5 Bc8 30. Nxe6 Bxe6 31. gxh6 Bf6 32. Ng4 Nd7 33. Rd1 Kh7 34. Nxf6+ Ngxf6
35. Rh2 Qa5 36. Qg5 Qxa2 37. Bxe5 Nxe5 38. Qxe5 1-0

[Event "Championnat de France des Jeunes - Cadet"]
[Site "Aix les Bains"]
[Date "2009.04.25"]
[Round "8.4"]
[White "Ollier, Pablo"]
[Black "Millon, Valentin"]
[Result "1-0"]
[WhiteElo "2200"]
[BlackElo "2062"]
[PlyCount "95"]
[EventDate "2009.??.??"]

1. d4 Nf6 2. c4 e6 3. Nc3 Bb4 4. e3 b6 5. Nge2 Ne4 6. Qc2 Bb7 7. f3 Nxc3 8.
Nxc3 O-O 9. Bd3 Qh4+ 10. Qf2 Bxc3+ 11. bxc3 Qf6 12. Ba3 Re8 13. O-O e5 14. c5
e4 15. Bc4 exf3 16. Qg3 Qg6 17. Rxf3 Bxf3 18. Qxf3 Nc6 19. Rf1 Rf8 20. cxb6
axb6 21. Bxf8 Rxf8 22. e4 Nd8 23. h4 Qh6 24. h5 Ne6 25. e5 c6 26. Bb3 b5 27. a4
bxa4 28. Bxa4 Qd2 29. Bb3 Ng5 30. Qf5 Qe3+ 31. Kh2 Qe2 32. h6 Qh5+ 33. Kg1 Qxh6
34. Qxd7 Ne6 35. Bxe6 Qxe6 36. Qxe6 fxe6 37. Ra1 Kf7 38. Ra7+ Kg6 39. Rc7 Rf7
40. Rxc6 Kf5 41. Rc8 Ke4 42. Rc6 Kd5 43. Rd6+ Kc4 44. Rxe6 Kxc3 45. d5 Kd4 46.
d6 Rf8 47. d7 Rd8 48. Re7 1-0

[Event "Championnat de France des Jeunes - Cadet"]
[Site "Aix les Bains"]
[Date "2009.04.25"]
[Round "8.5"]
[White "Hoareau, William"]
[Black "Stephan, Victor"]
[Result "1/2-1/2"]
[WhiteElo "2138"]
[BlackElo "2168"]
[PlyCount "138"]
[EventDate "2009.??.??"]

1. d4 g6 2. g3 Nf6 3. Bg2 Bg7 4. Nf3 O-O 5. O-O d6 6. b3 e5 7. Bb2 e4 8. Nfd2
d5 9. c4 e3 10. fxe3 Bh6 11. e4 Ng4 12. cxd5 Ne3 13. Qc1 Nxf1 14. Qxf1 Nd7 15.
e5 Nb6 16. e4 f5 17. exf6 Be3+ 18. Kh1 Qxf6 19. Qxf6 Rxf6 20. Nf1 Bh6 21. Nbd2
Rf2 22. Bc3 Bd7 23. Kg1 Rff8 24. Re1 Rae8 25. Nc4 Bg7 26. Ne5 c5 27. dxc6 Bxc6
28. Nc4 Rd8 29. Nxb6 axb6 30. e5 Bh6 31. Bb4 Rfe8 32. Bc3 b5 33. Bxc6 bxc6 34.
a4 b4 35. Bb2 Rd5 36. Kf2 c5 37. Ne3 Bxe3+ 38. Kxe3 cxd4+ 39. Bxd4 Red8 40. Rd1
Rxe5+ 41. Kd3 Rc5 42. Ke4 Rc2 43. h4 Re2+ 44. Kd3 Rg2 45. Kc4 Rxg3 46. a5 Rg4
47. a6 Kf7 48. a7 Ke6 49. Kb5 Rxh4 50. Bb6 Rxd1 51. a8=Q Rd5+ 52. Ka6 Rf4 53.
Qe8+ Kf5 54. Qf7+ Ke4 55. Qxh7 Rf6 56. Qh4+ Ke5 57. Qg3+ Kf5 58. Qf3+ Ke5 59.
Qe2+ Kf5 60. Kb7 g5 61. Qf3+ Ke6 62. Qe4+ Re5 63. Qxb4 Kf5 64. Bc7 Rf7 65. Qd6
Ree7 66. Qd5+ Kg6 67. Qc6+ Kh5 68. Qh1+ Kg6 69. Qc6+ Kh5 1/2-1/2

[Event "Championnat de France des Jeunes - Cadet"]
[Site "Aix les Bains"]
[Date "2009.04.25"]
[Round "8.6"]
[White "Feryn, Alexandre"]
[Black "Hutois, Mickael"]
[Result "0-1"]
[WhiteElo "1989"]
[BlackElo "2021"]
[PlyCount "84"]
[EventDate "2009.??.??"]

1. e4 e5 2. Nf3 Nc6 3. Bb5 Nf6 4. d3 d6 5. O-O Be7 6. c3 O-O 7. Re1 h6 8. Nbd2
Nh7 9. d4 exd4 10. cxd4 a6 11. Bc4 Kh8 12. h3 Na5 13. Bd3 b6 14. Nf1 Ng5 15.
Ng3 Nc6 16. Be3 Nxf3+ 17. Qxf3 Bg5 18. Bxg5 Qxg5 19. e5 Bb7 20. Rad1 Rab8 21.
Be4 Nd8 22. exd6 cxd6 23. Bxb7 Rxb7 24. Re4 f5 25. Rde1 Rbf7 26. Re8 f4 27. Nf1
Kh7 28. R8e2 Nc6 29. h4 Qb5 30. Qe4+ Kg8 31. Rd2 Re7 32. Qb1 Qh5 33. Rxe7 Nxe7
34. g3 fxg3 35. fxg3 Qd5 36. b3 Rf3 37. Kh2 Qf7 38. Kg1 Nf5 39. Qe1 Qg6 40. Kh2
Qg4 41. Rg2 Nxd4 42. Qe8+ Rf8 0-1

[Event "Championnat de France des Jeunes - Cadet"]
[Site "Aix les Bains"]
[Date "2009.04.25"]
[Round "8.7"]
[White "Nari, Damien"]
[Black "Lallement, Victor"]
[Result "1/2-1/2"]
[WhiteElo "1852"]
[BlackElo "2116"]
[PlyCount "87"]
[EventDate "2009.??.??"]

1. e4 c5 2. Ne2 e6 3. c4 Ne7 4. Nbc3 Nbc6 5. d4 cxd4 6. Nxd4 Nxd4 7. Qxd4 Nc6
8. Qd2 Bb4 9. b3 O-O 10. Be2 Qf6 11. Bb2 Nd4 12. Rc1 d5 13. O-O dxe4 14. Qe3
Nxe2+ 15. Qxe2 Bxc3 16. Rxc3 Qf5 17. Rg3 f6 18. Qg4 g6 19. Qxf5 exf5 20. f4 Be6
21. Kf2 Rad8 22. Ke2 Kf7 23. Rc3 Rd7 24. Rcc1 g5 25. g3 Rg8 26. Rcd1 Rxd1 27.
Kxd1 Rg6 28. Bc1 Rg8 29. Ke2 a5 30. Rd1 gxf4 31. Bxf4 a4 32. Rd6 axb3 33. axb3
Ra8 34. Rb6 Ra2+ 35. Ke3 Bc8 36. h4 Ra1 37. c5 Rc1 38. b4 Rc3+ 39. Ke2 h5 40.
Be3 Rc2+ 41. Ke1 Rg2 42. Bf4 Rc2 43. Be3 Ke7 44. b5 1/2-1/2

[Event "Championnat de France des Jeunes - Cadet"]
[Site "Aix les Bains"]
[Date "2009.04.25"]
[Round "8.8"]
[White "Graca, Robert"]
[Black "Martin, Alexandre"]
[Result "1-0"]
[WhiteElo "2170"]
[BlackElo "1817"]
[PlyCount "131"]
[EventDate "2009.??.??"]

1. Nf3 Nf6 2. c4 e6 3. Nc3 c5 4. g3 b6 5. Bg2 Bb7 6. O-O Be7 7. Re1 d5 8. Ne5
O-O 9. d4 Nc6 10. Nxc6 Bxc6 11. cxd5 exd5 12. b3 Qd7 13. e3 Rfd8 14. Bb2 Rac8
15. Rc1 Ne4 16. dxc5 Nxc3 17. Bxc3 bxc5 18. Qh5 Qd6 19. Be5 Qg6 20. Qxg6 hxg6
21. Red1 f6 22. Bb2 Kf7 23. Ba3 Bb7 24. Rc2 Rd7 25. Rdc1 Rdc7 26. Bh3 f5 27.
Bg2 Ke6 28. Kf1 Bd6 29. h4 Ba6+ 30. Ke1 Bd3 31. Rc3 c4 32. Bxd6 Kxd6 33. Bf1
Bxf1 34. Kxf1 cxb3 35. Rxc7 Rxc7 36. Rxc7 Kxc7 37. axb3 Kb6 38. Ke2 Kc5 39. Kd3
Kb4 40. Kc2 a5 41. Kb2 Kc5 42. Ka3 Kb5 43. f3 Kc5 44. Ka4 Kb6 45. b4 axb4 46.
Kxb4 Kc6 47. Kc3 Kd6 48. Kd4 Ke6 49. Kc3 Kd6 50. Kd3 Kd7 51. Kc3 Kd6 52. Kd4
Ke6 53. e4 dxe4 54. fxe4 Kf6 55. Kd5 fxe4 56. Kxe4 Ke6 57. Kf4 Kf6 58. Kg4 Kf7
59. Kg5 Kf8 60. Kxg6 Kg8 61. g4 Kh8 62. h5 Kg8 63. g5 Kh8 64. Kf7 Kh7 65. h6
gxh6 66. g6+ 1-0